000 00352 a2200157 4500
001 51582
020 _a
040 _cAnchieta - Pituba
100 _aSantos, Rodrigo Oliveira
240 1 0 _a1ª Inglês, III unidade
_lpor
245 1 0 _a1ª Inglês, III unidade
300 _a4
362 0 _a2010
650 4 _aInglês e inglês antigo
942 _cBK
999 _c51582
_d51582